| 000 | 00816nam a2200229 a 4500 | ||
|---|---|---|---|
| 005 | 20140310183358.0 | ||
| 008 | 121115s19uu xx 00 eng d | ||
| 020 | _a9780078049989 | ||
| 050 |
_aHN 90.M3 _b.T35 2011 |
||
| 100 | _aAlexander, Alison | ||
| 245 |
_aTaking sides : _bclashing views in mass media and society / _cselected, edited, and with introductions by Alison Alexander and Jarice Hanson. |
||
| 250 | _a11th ed. | ||
| 260 |
_aNew York, NY : _bMcGraw-Hill, _c2011. |
||
| 300 |
_axxiv, 390 p. : _c24 cm. |
||
| 521 | _aMC | ||
| 650 |
_aMass media _xSocial aspects _xUnited States _xPeriodicals |
||
| 650 |
_aMass media _xMoral and ethical aspects _xPeriodicals |
||
| 650 |
_aMass media _xUnited States _xInfluence _xPeriodicals |
||
| 700 | _aHanson, Jarice | ||
| 942 |
_cBK _2lcc _kFOR |
||
| 999 |
_c22292 _d22292 |
||